専用Z技を持っているポケモン - Statistics

General Stats
  • This quiz has been taken 363 times
  • The average score is 18 of 22
Answer Stats
Hint Answer % Correct
ひっさつのピカチュート ピカチュウ
100%
1000まんボルト サトシのピカチュウ
100%
ガーディアン・デ・アローラ カプ・コケコ
93%
ハイパーダーククラッシャー ガオガエン
91%
ガーディアン・デ・アローラ カプ・ブルル
91%
シャドーアローズストライク ジュナイパー
90%
ガーディアン・デ・アローラ カプ・レヒレ
90%
ムーンライトブラスター ルナアーラ
90%
わだつみのシンフォニア アシレーヌ
89%
サンシャインスマッシャー ソルガレオ
89%
ガーディアン・デ・アローラ カプ・テテフ
87%
サンシャインスマッシャー 日食ネクロズマ
86%
ムーンライトブラスター 月食ネクロズマ
86%
てんこがすめつぼうのひかり ウルトラネクロズマ
86%
ぽかぼかフレンドタイム ミミッキュ
80%
ナインエボルブースト イーブイ
78%
ほんきをだす こうげき カビゴン
76%
ライトニングサーフライド ライチュウ
75%
ブレイジングソウルビート ジャラランガ
73%
しちせいだっこんたい マーシャドー
57%
ラジアルエッジストーム ルガルガン
55%
オリジンズスーパーノヴァ ミュウ
39%
No matching quizzes found
Score Distribution
Percent of People with Each Score
Percentile by Number Answered
Your Score History
You have not taken this quiz